000 00399nam a2200145Ia 4500
005 20250729165753.0
008 250729s2010 xx 000 0 und d
041 _aeng
082 _a530.05 SHAC
100 _aShantharam
_9232577
245 _aChemistry - PCMB ( Tutor for II PUC Annual Examination)
260 _aMangalore
_bBoscos Publication
_c2010
300 _a194p
650 _aScience
_9232578
999 _c239852
_d239852